| 000 | 00833cam a2200265 a 4500 | ||
|---|---|---|---|
| 999 |
_c669 _d669 |
||
| 001 | ABD-3750 | ||
| 003 | CaOONL | ||
| 005 | 20210616093057.0 | ||
| 008 | 960906s1997 onc b 001 0 eng c | ||
| 016 | _a969900759 | ||
| 020 | _a0176048278 : | ||
| 040 |
_aCaONFJC _beng _cCaOONL |
||
| 055 | 3 |
_aHF5549.5 R44 _bR417 1996 |
|
| 082 | 0 |
_a658.3/11/0971 _220 |
|
| 090 |
_aHF5549.5.R44 _bR417 1997 |
||
| 245 | 0 | 0 |
_aRecruitment and selection in Canada / _cVictor Catano ... [et al.]. |
| 260 |
_aToronto : _bITP Nelson, _c1997. |
||
| 300 |
_axxii, 488 ; _c24 cm. |
||
| 440 | 0 | _aNelson Canada series in human resources management. | |
| 504 | _aIncludes bibliographical references and index. | ||
| 650 | 0 |
_aEmployees _xRecruiting _zCanada. |
|
| 650 | 0 |
_aEmployee selection _zCanada. |
|
| 700 | 1 |
_aCatano, Victor, _d1944- |
|
| 942 |
_2lcc _cBK _nDO |
||